| 000 | 00955nam a2200313 i 4500 | ||
|---|---|---|---|
| 999 |
_c972 _d972 |
||
| 001 | 021200244 | ||
| 003 | UkOxU | ||
| 005 | 20200122114101.0 | ||
| 008 | 171220r20172001enka |||| 1|eng | ||
| 015 |
_aGBB9G9146 _2bnb |
||
| 016 | 7 |
_a018653998 _2Uk |
|
| 020 |
_a9780995582132 _qpaperback |
||
| 035 | _a(Uk)018653998 | ||
| 040 |
_aUk _beng _erda _cUk _dUk |
||
| 042 | _aukblsr | ||
| 082 | 0 | 4 |
_aFIC MCN _223 |
| 100 | 1 |
_aMcNish, Cliff, _eauthor. |
|
| 245 | 1 | 4 |
_aThe scent of magic / _cCliff McNish ; illustrations, Geoff Taylor. |
| 264 | 1 |
_a[London?] : _bDoomspell Books, _c2017. |
|
| 264 | 4 | _c©2001 | |
| 300 |
_a215 pages : _billustrations (black and white) ; _c20 cm |
||
| 336 |
_atext _2rdacontent |
||
| 337 |
_aunmediated _2rdamedia |
||
| 338 |
_avolume _2rdacarrier |
||
| 440 |
_aDoomspell trilogy ; _nbk. 2. |
||
| 500 | _aPreviously published: Orion Children's Books, 2001. | ||
| 700 | 1 |
_aTaylor, Geoff, _d1946- _eillustrator. |
|
| 942 |
_2ddc _cFIC |
||